Former countries of the Soviet Union Quiz Stats

Quiz not verified by Sporcle

Challenge
Share
Tweet
Embed
Score 0/15 Timer 03:00
0 Plays Today
% Correct
Latvia
91.5%
Ukraine
91.5%
Estonia
88.3%
Lithuania
88.3%
Georgia
86.8%
Belarus
86.1%
Kazakhstan
82.9%
Azerbaijan
82.6%
% Correct
Turkmenistan
82.6%
Uzbekistan
82.6%
Russia
82.2%
Armenia
78.6%
Tajikistan
78.3%
Kyrgyzstan
76.5%
Moldova
66.9%

You're not logged in!

Compare scores with friends on all Sporcle quizzes.
Sign Up with Email
OR
Log In

You Might Also Like...

Show Comments

Extras

Top Quizzes Today


Score Distribution

Your Account Isn't Verified!

In order to create a playlist on Sporcle, you need to verify the email address you used during registration. Go to your Sporcle Settings to finish the process.